书目信息 |
| 题名: |
卓别林的一生
|
|
| 作者: | 萨杜尔 著 ;韩默 , 徐继曾 译 | |
| 分册: | ||
| 出版信息: | 北京 中国电影出版社 1980.9 |
|
| 页数: | 267页页 | |
| 开本: | 20cm | |
| 丛书名: | ||
| 单 册: | ||
| 中图分类: | J91 | |
| 科图分类: | ||
| 主题词: | 电影--技术 , 电视--艺术--技术 | |
| 电子资源: | ||
| ISBN: | ||
| 000 | 00630nam0 2200229 45 | |
| 001 | 0312221749 | |
| 005 | 20040509152321.4 | |
| 010 | @dCNY1.20 | |
| 100 | @a20031222d1980 km y0chiy0120 ea | |
| 101 | @achi | |
| 105 | @a z 000yy | |
| 200 | 1 | @a卓别林的一生@AZhuo Bie Lin De Yi Sheng@f(法)乔治·萨杜尔著@F(Fa)Qiao Zhi·Sa Du Er Zhu@g韩默,徐继曾译 |
| 210 | @a北京@c中国电影出版社@d1980.9 | |
| 215 | @a267页页@d20cm | |
| 606 | 0 | @a电影@x技术 |
| 606 | 0 | @a电视@x艺术@x技术 |
| 690 | @aJ91@v3 | |
| 701 | 0 | @a萨杜尔@4著 |
| 702 | 0 | @a韩默@4译 |
| 702 | 0 | @a徐继曾@4译 |
| 801 | @aCN@bTSTCL@c20031222 | |
| 905 | @dJ91@e10@f1@b67895 | |
| 卓别林的一生/(法)乔治·萨杜尔著/韩默,徐继曾译.-北京:中国电影出版社,1980.9 |
| 267页页;20cm |
| ISBN :CNY1.20 |
| ● |
| 相关链接 |
|
|
|
|
正题名:卓别林的一生
索取号:J91/10
 
预约/预借
| 序号 | 登录号 | 条形码 | 馆藏地/架位号 | 状态 | 备注 |
| 1 | 0067895 | 001218685 | 第一借阅区/ [索取号:J91/10] | 在馆 | |
| 2 | 0067896 | 001789942 | 密集书库/ [索取号:J91/10] | 在馆 | |
| 3 | 0067897 | 001789906 | 密集书库/ [索取号:J91/10] | 在馆 | |
| 4 | 0067898 | 001218667 | 第一借阅区/ [索取号:J91/10] | 在馆 | |
| 5 | 0067899 | 001218676 | 第一样本阅览室/ [索取号:J91/10] | 在馆 |